Klicke die deutschen Städte auf einer Karte - Statistiken

Allgemein
  • Dieses Quiz wurde 313 mal gespielt
  • Das Durchschnittsergebnis liegt bei 16 aus 20
Antworten auf der Karte
Die Antworten werden auf der Karte rot bzw. grün angezeigt, abhängig davon wie oft sie richtig erraten wurden.
 
Antwortstatistiken
Antwort % Korrekt
Kiel
89%
Saarbrücken
89%
Berlin
86%
Bremen
86%
Hamburg
86%
Rostock
86%
Stuttgart
85%
Hannover
84%
Dresden
83%
Freiburg im Breisgau
83%
Köln
83%
München
82%
Frankfurt am Main
81%
Magdeburg
79%
Erfurt
78%
Bielefeld
77%
Leipzig
77%
Kassel
74%
Nürnberg
74%
Regensburg
74%
Keine übereinstimmenden Quizze gefunden
Verteilung der Resultate
Anzahl Personen mit jedem Resultat
Perzentil nach korrekt beantworteten Fragen
Ihre Resultats-Entwicklung
Sie haben dieses Quiz noch nicht gespielt